000 01142ntm a2200241 i 4500
001 114748
003 ES-MaACL
005 20250808230409.0
007 t|
008 070322s1931 sp |||| | spa d
100 1 _aRanz Lafuente, Daniel.
_995439
245 1 0 _aProyecto de Constitución española [
_hManuscrito] /
_cDaniel Ranz Lafuente.
260 _aMadrid :
_b[s.n.],
_c1931.
300 _a13, 16, 2 h. ;
_c28 cm.
505 8 _aContiene: 3 cuadernos: 1. Constitución de los poderes - 2. Constitución política - 3. Constitución económica
594 _aAl final del texto: "Esta declaración se presenta al Ateneo de Madrid como adición... a la Memoria leída por el Sr. Carmona, cumpliendo un acuerdo de la Junta General de discutir un proyecto constitucional completo. Madrid, a 23 de junio de 1931"
597 _aEjemplar mecanografiado.
610 2 4 _aAteneo de Madrid-
_vConferencias-
_y1900-1939
_91907
610 1 4 _aEspaña.
_tConstitución, 1931.
_93656
650 4 _aDerecho constitucional-
_zEspaña
_911682
852 _aES-MaACL
_jArmario 18, Caja negra
_x- Olim: 1755-F-10
999 _c114748
_d114748